02016na a2200409 450000100060000000300080000600500170001400800410003103500100007204000250008204100080010708200300011509000290014510000180017422200430019224503250023526000510056030000180061144000350062950000670066450502630073161000620099465000230105665000240107965000290110365700230113270000290115570000260118474000480121074000810125874000500133974000580138983000200144794200130146795201110148099900150159116357MIRAKIL20181213155212.0170213b tu 000 0  a16357 aMilasbturcTR-AnCHP atur aCHP 324.217207bA12c 1939 aCHP 324.217207 A12c 1939 aAbadan, Yavuz aCumhuriyet Halk Partisi Konferansları aHürriyet ve intihap ehliyeti ; Fikri haklara ait bazı umumi mülahazalar ; Hakların iktisap ve istimalini tayin eden prensipler ; Avrupanın ve Türkiyenin nüfus meseleleri ; Osmanlı İmparatorluğunda ve Türkiye Cumhuriyetinde devlet borçlarıcYavuz Abadan; Ömer Celal Saraç; Refii Şükrü Suvla aAnkara bCHPc1939fRecep Ulusoğlu Basımevi a85 s.c23 sm. aC.H.P.pKonferanslar serisiv9 aYapıt, yazarların konferans konuşmalarını içermektedir aHürriyet ve intihap ehliyeti; Fikri haklara ait bazı umumi mülahazalar ; Hakların iktisap ve istimalini tayin eden prensipler ; Avrupanın ve Türkiyenin nüfus meseleleri ; Osmanlı İmparatorluğunda ve Türkiye Cumhuriyetinde devlet borçları aCumhuriyet Halk Partisi (CHP)xKonferanslar ve seminerler aDevlet borçları aNüfus planlaması aHak ve özgürlükler aCHP konferansları aSuvla, Refii-Şükrü aSaraç, Ömer Celal aFikri haklara ait bazı umumi mülahazalar aOsmanlı İmparatorluğunda ve Türkiye Cumhuriyetinde devlet borçları aAvrupanın ve Türkiyenin nüfus meseleleri aHakların iktisap ve istimalini tayin eden prensipler aCHP Yayınları 2ddccBKS a0001b0001d2016-10-04e2l0oCHP 324.217207 A12c 1939p004367r2016-10-04 00:00:00v0.00w2016-10-04yBKS c8423d8423